"Myslím, teda som."

Strategické myslenie a strategické riadenie v ponímaní talentov ako biznis proces, ktorý má veľa spoločného, avšak v princípe ide o dve rôzne disciplíny. Jednotlivé talenty, ktoré sa na strategickom riadení podieľajú.

Salvato in:
Dettagli Bibliografici
Autore principale: Košalko, Ivan
Natura: Capitolo di libro
Lingua:slovacco
Soggetti:
Tags: Aggiungi Tag
Nessun Tag, puoi essere il primo ad aggiungerne!!

MARC

LEADER 00000naa a2200000 4500
001 0233913
005 20221104111737.6
041 0 |a slo 
044 |a SK 
245 1 0 |a "Myslím, teda som."  |c Ivan Košalko 
520 |a Strategické myslenie a strategické riadenie v ponímaní talentov ako biznis proces, ktorý má veľa spoločného, avšak v princípe ide o dve rôzne disciplíny. Jednotlivé talenty, ktoré sa na strategickom riadení podieľajú. 
610 2 0 |a talenty 
610 2 0 |a činiteľ ľudský 
610 2 0 |a potenciál ľudský 
610 2 0 |a sebarealizácia 
610 2 0 |a kreativita 
610 2 0 |a hodnota sily pracovnej 
610 2 0 |a riadenie strategické 
100 1 |a Košalko, Ivan